00233nam a22000977a 4500003000400000022001400004245006700018260002900085300000800114310001300122SGT a2212-4403 aOral Surgery, Oral Medicine, Oral Pathology and Oral Radiology aNew YorkbElsevierc2022 a124 aMonthly